Culture précise - Football #1 - Statistiques

Statistiques générales
  • Ce quiz a été pris 563 fois
  • Le résultat moyen est 7 sur 10
Statistiques - réponses
Hint Réponse % Correct
Combien de ballon d'or a remporté Messi ? 8
100%
Quelle est la nationalité du joueur Brahim Diaz ? Marocaine
89%
Quel est le nom du stade dans lequel joue le Réal Madrid ? Santiago Bernabeu
89%
Devant quel média s'est il excusé ? Aucun
85%
De quel joueur provient un mot signifiant "dominer avec force" en suédois ? Zlatan Ibrahimovic
77%
Contre quel pays Luis Suarez a-t-il bloqué un tir de la main, qualifiant son pays en demi-finale de coupe du monde ? Ghana
74%
Quel chiffre a marqué la courte carrière de Marco van Basten ? 3
72%
Durant quelle décennie le joueur qui a donné son nom au stade s'est il démarqué dans ce club ? années 20
68%
Quel animal aurait prédit de nombreux résultats lors de la coupe du monde 2010 ? Un poulpe
39%
Quel était son nom ? Paul
27%
Aucun quiz correspondant
Distribution des résultats
% des personnes avec chaque résultat
Percentile par nombre de réponses
Votre historique - résultats
Vous n’avez pas pris ce quiz